3602-岩国市(山口県)の駅 - Statistics

General Stats
  • This quiz has been taken 2 times
  • The average score is 9 of 25
Answer Stats
Answer % Correct
新岩国
100%
岩国
100%
由宇
100%
西岩国
100%
川西
100%
南岩国
50%
柱野
50%
欽明路
50%
玖珂
50%
周防高森
50%
米川
50%
清流新岩国
50%
錦町
50%
藤生
0%
通津
0%
神代
0%
守内かさ神
0%
南河内
0%
行波
0%
北河内
0%
椋野
0%
南桑
0%
根笠
0%
河山
0%
柳瀬
0%
No matching quizzes found
Score Distribution
Percent of People with Each Score
Percentile by Number Answered
Your Score History
You have not taken this quiz